000 00767cam a2200217 4500
001 WB3610-07
008 000000n2000 000 0 eng u
035 _a(Sirsi) u104710
245 _aRehabilitation costs
260 _c2000
490 _aBMI News Release
_v 7 March 2000 (3)
520 _aBMI Special Report 287, "Review of rehabilitation costs", suggests that the average cost of refurbishing an office building is £488 per sq m, compared to £797 per sq m to build a new one.
590 _aWB
650 _aREHABILITATION COSTS
650 _aBMI
650 _aBUILT ENVIRONMENT-BUILDING COSTS
650 _aOFFICES
650 _aBUILT ENVIRONMENT-BUILDING MAINTENANCE AND REFURBISHMENT
690 _aBUILT ENVIRONMENT-BUILDING COSTS
942 _n0
999 _c62817
_d62817